| 000 | 00342nam a2200145Ia 4500 | ||
|---|---|---|---|
| 008 | 230917s9999||||xx |||||||||||||| ||und|| | ||
| 040 |
_e204572 _aMAIN |
||
| 041 | _aEnglish | ||
| 082 | _a869.3 C65W | ||
| 100 | _aCoelho, Paulo | ||
| 245 | 0 | _aWinner stands alone | |
| 260 |
_aNoida _bHarper Collins _c2008 |
||
| 300 | _a373 p. | ||
| 942 | _cBK | ||
| 999 |
_c174097 _d174097 |
||